000 00639nam a2200193 i 4500
001 76291
003 ES-MaACL
005 20230906172805.0
007 t|
008 040930s1962 sp ||||1| spa d
100 1 _aGros, André.
_960150
245 1 0 _aAbonos
_b: guía práctica de la fertilización /
_cpor André Gros ; prólogo de Jean Lefevre ; traducidd por Ramón Olalquiaga Soriano.
260 _aMadrid :
_bMundi-Prensa,
_c[1962]
300 _a367 p. ;
_c22 cm.
650 4 _aFertilizantes.
_9136105
700 1 _aLefebvre, Jean.
_971226
700 1 _aOlalquiaga Soriano, Ramón.
_986649
852 _aES-MaACL
_jC-21999
_bR.50649
999 _c76291
_d76291